000 00871nam0a22002651 4500
001 rc\1182654
005 20041129085750.3
035 _a(NLR Aleph) 006424701
090 _a5485662
_c5485662
100 _a20041129d1980 u |0rusy50 ca
101 0 _arus
_amol
102 _aRU
105 _ay |||||||||
200 1 _aРусско-молдавский словарь общественно-политических терминов
_fНауч. ред. А.А. Завтур
210 _aКишинев
_cМолд. сов. энциклопедия
_d1980
215 _a750 с.
_d21
300 _aНа пер. авт. не указаны
700 1 _aНаку
_bМ. Ф.
701 1 _aПодико
_bМ. В.
_gМария Васильевна
801 0 _aRU
_bNLR
_gpsbo
801 1 _aRU
_bELAR
_2rusmarc
852 _aNLR
_bОНЛ
942 _cBOOK
980 _aNB